000 00784cam a22002653a 4500
001 840
003 PGUSA
005 20140828082953.0
008 060427s2006||||xxu|||||s|||||000 1 eng d
040 _aPGUSA
_beng
042 _adc
050 4 _aPR
100 1 _aBlackmore, R. D.
_q(Richard Doddridge),
_d1825-1900
245 1 0 _aLorna Doone :
_bA Romance of Exmoor
_h[electronic resource] /
_cR. D. Blackmore
260 _bProject Gutenberg,
_c2006
506 _aPublic domain in the USA.
516 _aElectronic text
653 _aHistorical fiction
653 _aMonmouth's Rebellion, 1685 -- Fiction
653 _aExmoor (England) -- Fiction
653 _aLove stories
830 0 _aProject Gutenberg
_v840
856 4 0 _uhttp://www.gutenberg.org/ebooks/840
942 _cEB
999 _c230191
_d230191